Psicología de la educación (Record no. 7965)

MARC details
000 -LEADER
campo de control de longitud fija 01171nmc a2200397 a 4500
003 - IDENTIFICADOR DE NÚMERO DE CONTROL
campo de control AR-BaBNM
005 - FECHA Y HORA DE LA ÚLTIMA TRANSACCIÓN
campo de control 20251128204553.0
008 - DATOS DE LONGITUD FIJA--INFORMACIÓN GENERAL
campo de control de longitud fija 045019s1977 ||||||||||||||000 | spa||
020 ## - NÚMERO INTERNACIONAL ESTÁNDAR DEL LIBRO
Número Internacional Estándar del Libro 84-281-0297-X
040 ## - FUENTE DE CATALOGACIÓN
Centro/agencia transcriptor AR-BaBNM
245 10 - MENCIÓN DEL TÍTULO
Título Psicología de la educación
260 ## - PUBLICACIÓN, DISTRIBUCIÓN, ETC.
Lugar de publicación, distribución, etc. Barcelona
Nombre del editor, distribuidor, etc. Oikos-tau
Fecha de publicación, distribución, etc. 1977
300 0# - DESCRIPCIÓN FÍSICA
Extensión 181 p.
Otros detalles físicos diagr., gráfs.
490 #0 - MENCIÓN DE SERIE
Mención de serie Tratado de formación de profesores
Designación de volumen o secuencia v. 4
500 0# - NOTA GENERAL
Nota general Este volumen forma parte del Tratado de ciencias pedagógicas
500 0# - NOTA GENERAL
Nota general Traducción de Prudenci Comes
504 ## - NOTA DE BIBLIOGRAFÍA, ETC.
Nota de bibliografía, etc. Nota Bibliografía al término de los capítulos
650 #4 - PUNTO DE ACCESO ADICIONAL DE MATERIA--TÉRMINO DE MATERIA
Término de materia o nombre geográfico como elemento de entrada EDUCACION FAMILIAR
650 #4 - PUNTO DE ACCESO ADICIONAL DE MATERIA--TÉRMINO DE MATERIA
Término de materia o nombre geográfico como elemento de entrada PSICOLOGIA DE LA EDUCACION
650 #4 - PUNTO DE ACCESO ADICIONAL DE MATERIA--TÉRMINO DE MATERIA
Término de materia o nombre geográfico como elemento de entrada CREATIVIDAD
650 #4 - PUNTO DE ACCESO ADICIONAL DE MATERIA--TÉRMINO DE MATERIA
Término de materia o nombre geográfico como elemento de entrada DINAMICA DE GRUPO
650 #4 - PUNTO DE ACCESO ADICIONAL DE MATERIA--TÉRMINO DE MATERIA
Término de materia o nombre geográfico como elemento de entrada ENSENANZA PROGRAMADA
650 #4 - PUNTO DE ACCESO ADICIONAL DE MATERIA--TÉRMINO DE MATERIA
Término de materia o nombre geográfico como elemento de entrada SOCIOLOGIA DE LA EDUCACION
650 #4 - PUNTO DE ACCESO ADICIONAL DE MATERIA--TÉRMINO DE MATERIA
Término de materia o nombre geográfico como elemento de entrada ROL DE LOS PADRES
650 #4 - PUNTO DE ACCESO ADICIONAL DE MATERIA--TÉRMINO DE MATERIA
Término de materia o nombre geográfico como elemento de entrada METODOS DE ENSENANZA
650 #4 - PUNTO DE ACCESO ADICIONAL DE MATERIA--TÉRMINO DE MATERIA
Término de materia o nombre geográfico como elemento de entrada TECNICAS DE ENSENANZA
653 #0 - TÉRMINO DE INDIZACIÓN--NO CONTROLADO
Término no controlado EDUCACION POPULAR
653 #0 - TÉRMINO DE INDIZACIÓN--NO CONTROLADO
Término no controlado PSICOPEDAGOGIA
700 1# - ENTRADA AGREGADA--NOMBRE PERSONAL
Nombre de persona Mialaret, Gaston
700 1# - ENTRADA AGREGADA--NOMBRE PERSONAL
Nombre de persona Drévillon, Jean
700 1# - ENTRADA AGREGADA--NOMBRE PERSONAL
Nombre de persona Wery, André
700 1# - ENTRADA AGREGADA--NOMBRE PERSONAL
Nombre de persona Vial, Jean
700 1# - ENTRADA AGREGADA--NOMBRE PERSONAL
Nombre de persona Lefèvre, Lucien
942 ## - ELEMENTOS DE ENTRADA SECUNDARIOS (KOHA)
Tipo de ítem Koha Libros
998 ## - INFORMACIÓN DE CONTROL LOCAL (RLIN)
Iniciales del catalogador, CIN (RLIN) Ethel
Holdings
Estatus retirado Estado de pérdida Fuente de la clasificación o esquema de estantería Estado de daño No para préstamo Biblioteca de origen Biblioteca actual Fecha de adquisición Total de préstamos Signatura topográfica completa Código de barras Visto por última vez Precio de reemplazo Tipo de ítem Koha
    Clasificación Decimal Dewey     Liberty Liberty 28/11/2025   37 C-TFP 4 097423 28/11/2025 28/11/2025 Libros
    Clasificación Decimal Dewey     Liberty Liberty 28/11/2025   37 C-TFP 4 097424 28/11/2025 28/11/2025 Libros